| 000 | 01132cam a2200337 a 4500 | ||
|---|---|---|---|
| 005 | 20160912095818.0 | ||
| 008 | 010129s2000 enka 001 0 eng d | ||
| 020 | _a1861003587 | ||
| 040 |
_aBGC _cECL _dEEM _dDLC _dCO-BoIAVH |
||
| 041 | 0 | _aeng | |
| 044 | _aenk | ||
| 082 | 0 | 0 |
_a005.72 _bW72p |
| 100 | 1 |
_aWilliams, Kevin _eautor |
|
| 245 | 0 | 0 |
_aProfessional XML databases / _cKevin Williams [y otros 9] |
| 246 | 3 | 0 | _aXML databases |
| 260 |
_aBirmingham, UK ; _aChicago : _bWrox Press, _cc2000. |
||
| 300 |
_axix, 1007 páginas : _bilustraciones ; _c24 x 18 cm. |
||
| 500 | _aIncluye índice. | ||
| 650 | 2 | 4 | _aBases de datos relacionales |
| 650 | 2 | 4 | _aXML (extensible markup language) |
| 700 | 1 |
_aBrundage, Michael _eautor |
|
| 700 | 1 |
_aDengler, Patrick _eautor |
|
| 700 | 1 |
_aGabriel, Jeff _eautor |
|
| 700 | 1 |
_aHoskinson, Andy _eautor |
|
| 700 | 1 |
_aKay, Michael _eautor |
|
| 700 | 1 |
_aMaxwell, Thomas _eautor |
|
| 700 | 1 |
_aOchoa, Marcelo _eautor |
|
| 700 | 1 |
_aPapa, Johnny _eautor |
|
| 700 | 1 |
_aVanmane, Mohan _eautor |
|
| 942 |
_2ddc _cLIBRO |
||
| 999 |
_c2332 _d2332 |
||